El problema del conocimiento en la filosofía y en la ciencia moderna I: El renacer del problema del conocimiento, el descubrimiento del concepto de la naturaleza, los fundamentos del idealismo

En este volumen el autor hace recorrer el camino que lleva hasta la cima del yo pensante, del yo hacedor de pensamientos y conformador de la realidad.

में बचाया:
ग्रंथसूची विवरण
मुख्य लेखक: Cassirer, Ernst
स्वरूप: पुस्तक
भाषा:Spanish
प्रकाशित: México: Fondo de Cultura Económica, 1986
श्रृंखला:Sección de obras de filosofía
विषय:
ऑनलाइन पहुंच:Enlace del recurso
टैग : टैग जोड़ें
कोई टैग नहीं, इस रिकॉर्ड को टैग करने वाले पहले व्यक्ति बनें!

MARC

LEADER 00000nam a2200000 a 4500
001 000632
008 030325s1986 mx # fr# #000|0#spa#d
020 |a 968-16-2277-2 
041 0 |a spa 
043 |a n-mx--- 
082 0 4 |a 121  |b C177p 
100 1 |a Cassirer, Ernst 
245 1 3 |a El problema del conocimiento en la filosofía y en la ciencia moderna I:  |b El renacer del problema del conocimiento, el descubrimiento del concepto de la naturaleza, los fundamentos del idealismo   |c Ernst Cassirer 
260 |a México:  |b Fondo de Cultura Económica,  |c 1986 
300 |a 616 p. 
440 0 |a Sección de obras de filosofía 
500 |a Incluye índices. 
520 3 |a En este volumen el autor hace recorrer el camino que lleva hasta la cima del yo pensante, del yo hacedor de pensamientos y conformador de la realidad. 
534 |p Título original:  |t Das erkenntnisproblem in der philosophie und wissenschaft der neueren Zeit, I 
650 1 4 |a TEORÍA DEL CONOCIMIENTO 
650 1 4 |a FILOSOFÍA MODERNA 
999 |c 2784  |d 2784 
856 |u https://catalogo.idep.edu.co/cgi-bin/koha/opac-detail.pl?biblionumber=2784  |z Enlace del recurso